The eternal sage: (Record no. 164534)

MARC details
000 -LEADER
fixed length control field 00498nam a22001697a 4500
005 - DATE AND TIME OF LATEST TRANSACTION
control field 20190522144014.0
010 ## - LCCN (DPL NO)
LC control number A-842875
020 ## - INTERNATIONAL STANDARD BOOK NUMBER
International Standard Book Number 8172245912
Terms of availability 125.00
035 ## - SYSTEM CONTROL NUMBER
System control number A-842875
037 ## - SOURCE OF ACQUISITION
Source of stock number/acquisition Jaico Publishing House
082 ## - DEWEY DECIMAL CLASSIFICATION NUMBER
Classification number 920
245 ## - TITLE STATEMENT
Title The eternal sage:
Remainder of title a biography of Sri Swami samarth Akkalkot Maharaj
Statement of responsibility, etc V.R. Prabhu
260 ## - PUBLICATION, DISTRIBUTION, ETC. (IMPRINT)
Place of publication, distribution, etc Mumbai
Name of publisher, distributor, etc Jaico Publishing House
Date of publication, distribution, etc 1997
300 ## - PHYSICAL DESCRIPTION
Extent 329p.
Dimensions 22cm(pbk)
700 ## - ADDED ENTRY--PERSONAL NAME
Personal name Prabhu, V.R.
942 ## - ADDED ENTRY ELEMENTS (KOHA)
Source of classification or shelving scheme Dewey Decimal Classification
Item type English Books
Classification part 920
Call number suffix PRA
Holdings
Withdrawn status Lost status Not for loan Collection code Home library Current library Date acquired Full call number Barcode Koha item type Public note
      Non-fiction Sarojini Nagar Sarojini Nagar 22/05/2019 920 PRA A-842875 English Books Withdran List Prepared L.No.19/24

© Delhi Public Library
Hit Counter
free hit counter